Δάκρυα και γέλιο

Saved in:
Bibliographic Details
Main Author: Gibran, Kahlil, 1883-1931
Format: Book
Language:Greek
Arabic
Published: Αθήνα : Μπουκουμάνης, c1978.
Subjects:
Tags: Add Tag
No Tags, Be the first to tag this record!

MARC

LEADER 00000cam a2200000 a 4500
001 1/118529
008 190507s1978####gr | ||| |||| ||gre||
040 |a GR-MyUa  |b gre  |c GR-MyUa  |e AACR2 
041 1 |a gre  |h ara  |k eng 
082 7 |a 892.78   |2 (23) 
100 1 |a Gibran, Kahlil,   |d 1883-1931. 
245 1 0 |a Δάκρυα και γέλιο /   |c Kahlil Gibran ; μετάφραση Ρένα Χατχούτ.  
260 |a Αθήνα :   |b Μπουκουμάνης,   |c c1978. 
300 |a 88 σ. ;   |c 21 εκ. 
500 |a Τίτλος του έργου στα αγγλικά: Tears and laughter. 
650 0 |a Mysticism  |x Literary collections. 
852 |a INST  |b SYROS  |e 20190507  |h 892.78 GIB  |p 005500013695  |q 005500013695  |t BK  |y 0 
970 |a Κοντού  |b Παρασκευή  |z 07/05/2019